SATRANÇ USTASI DON SANDALIONUN ROMANI (Record no. 1074765)

MARC details
000 -LEADER
sabit uzunluktaki kontrol alanı 00270nam a2200097Ia 4500
001 - KONTROL NUMARASI
kontrol alanı 1074765
005 - EN SON İŞLEMİN TARİH VE ZAMANI
kontrol alanı 20250827002225.0
008 - SABİT-UZUNLUKTA VERİ ÖĞELERİ--GENEL BİLGİ
sabit uzunluktaki kontrol alanı 250824s9999 xx 000 0 und d
245 #0 - ESER / YAZAR
ESER ADI SATRANÇ USTASI DON SANDALIONUN ROMANI
Yazar Adı MİGUEL DE UNAMUNO
260 ## - YAYIN, DAĞITIM, VB.
YAYIN EVİ KETEBE YAYINLARI
Holdings
Düşüm durumu Kayıp durumu Hasar Durumu Ödünç verilmez Ana kütüphane Geçerli Kütüphane Edinilen tarih Toplam ödünç verme sayısı Barkod Son görüntüleme tarihi Fiyatın geçerli olmaya başladığı tarih Koha materyal türü
        MAHMUT SAMİ RAMAZANOĞLU A.İ.H.L-2 MAHMUT SAMİ RAMAZANOĞLU A.İ.H.L-2 24.08.2025   108210423 27.08.2025 27.08.2025 Books